Stardew Valley - Personnages - Statistiques

Statistiques générales
  • Ce quiz a été pris 297 fois
  • Le résultat moyen est 22 sur 33
Statistiques - réponses
Réponse % Correct
Lewis
80%
Marnie
80%
Pierre
80%
Abigail
79%
Sebastian
79%
Leah
77%
Emily
76%
Robine
75%
Sam
75%
Penny
72%
Shane
72%
Alex
71%
Pam
71%
Caroline
70%
Demetrius
70%
Haley
70%
Linus
67%
Maru
67%
Clint
65%
Elliott
65%
Gus
64%
Willy
63%
Sorcier
62%
Harvey
61%
George
60%
Jas
60%
Vincent
59%
Jodi
56%
Kent
53%
Evelyn
50%
Krobus
48%
Nain
46%
Sandy
44%
Aucun quiz correspondant
Distribution des résultats
% des personnes avec chaque résultat
Percentile par nombre de réponses
Votre historique - résultats
Vous n’avez pas pris ce quiz